<?xml version="1.0" encoding="UTF-8"?>
<collection xmlns="http://www.loc.gov/MARC21/slim">
 <record>
  <leader>01616nam a22002297a 4500</leader>
  <controlfield tag="001">NCT_89578</controlfield>
  <controlfield tag="008">210505b        xxu||||| |||| 00| 0 vie d</controlfield>
  <datafield tag="999" ind1=" " ind2=" ">
   <subfield code="c">4417</subfield>
   <subfield code="d">4417</subfield>
  </datafield>
  <datafield tag="020" ind1=" " ind2=" ">
   <subfield code="a">9786045897478</subfield>
   <subfield code="c">135000</subfield>
  </datafield>
  <datafield tag="082" ind1="0" ind2="4">
   <subfield code="2">23rd ed.</subfield>
   <subfield code="a">338.47</subfield>
   <subfield code="b">X500</subfield>
  </datafield>
  <datafield tag="100" ind1="1" ind2=" ">
   <subfield code="a">Phan Huy Xu</subfield>
  </datafield>
  <datafield tag="245" ind1="1" ind2="0">
   <subfield code="a">Những mảng màu du lịch Việt Nam</subfield>
   <subfield code="c">Phan Huy Xu, Võ Văn Thành</subfield>
  </datafield>
  <datafield tag="260" ind1=" " ind2=" ">
   <subfield code="a">TP. Hồ Chí Minh</subfield>
   <subfield code="b">Tổng hợp TP Hồ Chí Minh</subfield>
   <subfield code="c">2019</subfield>
  </datafield>
  <datafield tag="300" ind1=" " ind2=" ">
   <subfield code="a">320 tr.</subfield>
   <subfield code="b">minh họa màu</subfield>
   <subfield code="c">24cm</subfield>
  </datafield>
  <datafield tag="520" ind1="3" ind2=" ">
   <subfield code="a">Sách đề cập các vấn đề lý luận và thực tiễn quan trọng về phát triển du lịch bền vững như: bàn về đạo đức và văn hóa ứng xử trong du lịch nước ta, bàn về du lịch sinh thái và du lịch cộng đồng, bàn về việc đào tạo nguồn nhân lực chất lượng cao của ngành du lịch trong thời kỳ hội nhập quốc tế....</subfield>
  </datafield>
  <datafield tag="653" ind1=" " ind2=" ">
   <subfield code="a">Quản trị DV Du lịch và Lữ hành</subfield>
  </datafield>
  <datafield tag="700" ind1="1" ind2=" ">
   <subfield code="a">Võ Văn Thành</subfield>
  </datafield>
  <datafield tag="942" ind1=" " ind2=" ">
   <subfield code="2">ddc</subfield>
   <subfield code="c">BK</subfield>
  </datafield>
  <datafield tag="952" ind1=" " ind2=" ">
   <subfield code="0">0</subfield>
   <subfield code="1">0</subfield>
   <subfield code="2">ddc</subfield>
   <subfield code="4">0</subfield>
   <subfield code="6">338_470000000000000_X500</subfield>
   <subfield code="7">0</subfield>
   <subfield code="9">21202</subfield>
   <subfield code="a">000001</subfield>
   <subfield code="b">000001</subfield>
   <subfield code="d">2021-05-05</subfield>
   <subfield code="o">338.47 X500</subfield>
   <subfield code="p">MD.18460</subfield>
   <subfield code="r">2021-05-05</subfield>
   <subfield code="v">135000.00</subfield>
   <subfield code="w">2021-05-05</subfield>
   <subfield code="y">BK</subfield>
  </datafield>
  <datafield tag="952" ind1=" " ind2=" ">
   <subfield code="0">0</subfield>
   <subfield code="1">0</subfield>
   <subfield code="2">ddc</subfield>
   <subfield code="4">0</subfield>
   <subfield code="6">338_470000000000000_X500</subfield>
   <subfield code="7">0</subfield>
   <subfield code="9">21203</subfield>
   <subfield code="a">000001</subfield>
   <subfield code="b">000001</subfield>
   <subfield code="d">2021-05-05</subfield>
   <subfield code="o">338.47 X500</subfield>
   <subfield code="p">MD.18461</subfield>
   <subfield code="r">2021-05-05</subfield>
   <subfield code="v">135000.00</subfield>
   <subfield code="w">2021-05-05</subfield>
   <subfield code="y">BK</subfield>
  </datafield>
  <datafield tag="952" ind1=" " ind2=" ">
   <subfield code="0">0</subfield>
   <subfield code="1">0</subfield>
   <subfield code="2">ddc</subfield>
   <subfield code="4">0</subfield>
   <subfield code="6">338_470000000000000_X500</subfield>
   <subfield code="7">0</subfield>
   <subfield code="9">21204</subfield>
   <subfield code="a">000001</subfield>
   <subfield code="b">000001</subfield>
   <subfield code="d">2021-05-05</subfield>
   <subfield code="o">338.47 X500</subfield>
   <subfield code="p">MD.18470</subfield>
   <subfield code="r">2021-05-05</subfield>
   <subfield code="v">135000.00</subfield>
   <subfield code="w">2021-05-05</subfield>
   <subfield code="y">BK</subfield>
  </datafield>
  <datafield tag="980" ind1=" " ind2=" ">
   <subfield code="a">Thư viện Trường Đại học Nam Cần Thơ</subfield>
  </datafield>
 </record>
</collection>
